College Football Team Recruiting Rankings - Statistics

General Stats
  • This quiz has been taken 200 times
    128 since last reset
  • The average score is 109 of 125
Answer Stats
Year Points School % Correct
277.57 | 281.93 | 286.12 | +10 others Ohio State
97%
199.31 | 284.20 | 288.62 | +15 others Alabama
96%
283.72 | 292.15 | 294.42 | +7 others Georgia
96%
204.24 | 255.10 | 266.54 | +2 others Michigan
93%
239.17 | 273.50 | 286.27 | +6 others Florida
91%
285.12 | 286.99 | 288.61 | +9 others Southern Cal
89%
185.94 | 284.05 | 287.27 | +8 others Texas
89%
155.82 | 279.20 | 283.58 | 289.03 Oklahoma
83%
291.06 | 309.57 Clemson
81%
225.16 | 256.86 | 281.52 | +8 others Florida State
81%
206.53 | 282.25 | 282.27 | +8 others LSU
79%
278.08 | 284.67 | 330.51 Texas A&M
74%
257.73 | 274.87 | 289.44 | +2 others Miami
73%
2000 184.16 | 252.66 | 276.14 | +3 others Tennessee
71%
281.69 Ole Miss
67%
282.80 | 284.77 | 295.57 Notre Dame
64%
281.02 Auburn
63%
No matching quizzes found
Score Distribution
Percent of People with Each Score
Percentile by Number Answered
Your Score History
You have not taken this quiz since the last reset